00789nam a22002297a 450000500170000001000130001702000210003003500130005103700160006404000120008008200150009210000330010724500950014026000390023527000500027430000190032465000270034365000240037094200240039499900190041895201220043720170124105957.0 aA-799490 c00.00a185984054 aA-799490 bCen Lib/Ret aDPLbEN a362.1bHIT aHitchens, Christopher914962 aThe missionary position :cby Chritopher Hitchens bmother Teresa in theory and practice / aNew Delhib7/16, Ansari roadc1995 bNew DelhiaHarper collins publishers e110002 a98p.c19cm(Hb) aSocial reformer 99391 aSocial problem9241 2ddccENh362.1mHIT c125620d125620 00104070aLbLd2015-06-22eCen Lib/Retg0.00l0o362.1 HITpA-799490r2015-06-22 00:00:00t1v0.00w2015-06-22yEN